| 000 | 01826nam0a22003371 4500 | ||
|---|---|---|---|
| 001 | rc\3158651 | ||
| 005 | 20120615105122.7 | ||
| 021 |
_aRU _b76-92791 |
||
| 035 | _a(NLR Aleph) 007280166 | ||
| 090 |
_a5500915 _c5500915 |
||
| 100 | _a20120615d1976 |||y0rusy50 ca | ||
| 101 | 0 | _arus | |
| 102 | _aRU | ||
| 105 | _aa z ||||| | ||
| 200 | 1 |
_aСостояние и перспективные направления в развитии машин для химической борьбы с сорняками _eОбзор _fНауч. ред. канд. техн. наук В.А. Федоров _gМ-во тракт. и с.-х. машиностроения. Центр. науч.-исслед. ин-т информации и техн.-экон. исследований по тракт. и с.-х. машиностроению |
|
| 210 |
_aМосква _cБ. и. _d1976 |
||
| 215 |
_a44 с., 1 л. табл. _cил. _d22 |
||
| 225 | 1 |
_aОбзорная информация _iСерия "Сельскохозяйственные машины, агрегаты и узлы" |
|
| 300 | _aНа обороте тит. л. авт.: С.Д. Шеруца, Я.К. Омелюх, Е.А. Барыш, Я.И. Кушнир | ||
| 320 | _aСписок лит.: с. 41-43 | ||
| 701 | 1 |
_aБарыш _bЕ. А. |
|
| 701 | 1 |
_aОмелюх _bЯ. К. |
|
| 701 | 1 |
_aШеруда _bС. Д. |
|
| 701 | 1 |
_aКушнир _bЯ. И. |
|
| 702 | 1 |
_aФедоров _bВ. А. _4340 |
|
| 712 | 0 | 2 |
_aЦентральный науч.-исслед. ин-т информации и техн.-экономических исследований по тракторному и с.-х. машиностроению _cМосква _3RU\NLR\AUTH\8810025697 |
| 801 | 0 |
_aRU _bNLR _gpsbo |
|
| 801 | 1 |
_aRU _bELAR _2rusmarc |
|
| 852 |
_aNLR _j77-6/10008 |
||
| 942 | _cBOOK | ||
| 980 | _aNB | ||